000 00545nam a2200181Ia 4500
008 151018s9999 xx 000 0 und d
082 _bRBASDV41256
_a891.433
100 _aधुमकेतू
245 _aवाचीनिदेवी
250 _b1
260 _bलक्ष्य साहित्य दिल्ली
_c2005
300 _a291
600 _aधुमकेतू
630 _aवाचीनिदेवी
700 _aधुमकेतू
730 _aवाचीनिदेवी
942 _cBOOK
999 _c1040528
_d1040525